Commutative normed rings /
Guardado en:
| Autor Principal: | |
|---|---|
| Otros Autores: | , |
| Formato: | Libro |
| Idioma: | English Russian |
| Publicado: |
Bronx, New York :
Chelsea,
c1964.
|
| Etiquetas: |
Agregar Etiqueta
Sin Etiquetas, Sea el primero en etiquetar este registro!
|
| LEADER | 00785nam a22002055a 4500 | ||
|---|---|---|---|
| 001 | MAT.inmabb001414 | ||
| 008 | 031124s1964####nyu###########000#0#eng#d | ||
| 005 | 20151117182838.0 | ||
| 245 | 1 | 0 | |a Commutative normed rings / |c by I. Gelfand, D. Raikov and G. Shilov. |
| 260 | |a Bronx, New York : |b Chelsea, |c c1964. | ||
| 300 | |a 306 p. ; |c 24 cm. | ||
| 500 | |a "Translation [...] of the Russian-language work, published in 1960, Kommutativnye normirovannye kol'ca [...], to which a supplementary chapter has been added." | ||
| 510 | 4 | |a MR, |c 34 #4940 | |
| 100 | 1 | |a Gel´fand, I. M. |q (Izrail´ Moiseevich) | |
| 700 | 1 | |a Raikov, D. | |
| 700 | 1 | |a Shilov, G. E. |q (Georgii Evgen´evich) | |
| 084 | |a 46Jxx |2 msc2000 | ||
| 010 | |a 61015024 | ||
| 041 | 1 | |a eng |h rus | |
| 859 | |h 46 |i G316c |p A-1674 |b BIB. MATEMATICA | ||
